Building Economist (Record no. 119047)

MARC details
000 -LEADER
fixed length control field 00602cas a22001935a 4500
001 - CONTROL NUMBER
control field L138859
008 - FIXED-LENGTH DATA ELEMENTS--GENERAL INFORMATION
fixed length control field 070717d19941994xxkmr p 0 a0eng u
035 ## - SYSTEM CONTROL NUMBER
System control number (Sirsi) u138859
041 0# - LANGUAGE CODE
Language code of text/sound track or separate title eng
245 00 - TITLE STATEMENT
Title Building Economist
260 ## - PUBLICATION, DISTRIBUTION, ETC.
Place of publication, distribution, etc. London
Name of publisher, distributor, etc. Builder Group
Date of publication, distribution, etc. 1994
362 0# - DATES OF PUBLICATION AND/OR SEQUENTIAL DESIGNATION
Dates of publication and/or sequential designation January-November 1994
520 ## - SUMMARY, ETC.
Summary, etc. Distributed as a supplement to Building. Succeeds Chartered Quantity Surveyor, however is no longer published by the RICS.
554 ## -
-- 12 per year
651 #4 - SUBJECT ADDED ENTRY--GEOGRAPHIC NAME
Geographic name United Kingdom
Chronological subdivision
690 ## - LOCAL SUBJECT ADDED ENTRY--TOPICAL TERM (OCLC, RLIN)
Topical term or geographic name as entry element Quantity surveying
9 (RLIN) 6263
780 00 - PRECEDING ENTRY
Title Chartered Quantity Surveyor
942 ## - ADDED ENTRY ELEMENTS (KOHA)
Suppress in OPAC 0
Holdings
Withdrawn status Lost status Source of classification or shelving scheme Damaged status Not for loan Home library Current library Shelving location Date acquired Total Checkouts Full call number Barcode Date last seen Price effective from Koha item type
    Dewey Decimal Classification     London London Basement 17/07/2007   BUILDING ECONOMIST 138859-1001 06/08/2019 06/08/2019 Journal